Kelet-Európa, a német, márka és az Európai Pénzügyi Unio.
Ekonomická situácia východoeurópskych štátov a ich integrácia do Európskych spoločenstiev. Štatistické údaje o exporte, národnom dôchodku, investíciách. Zadlženosť štátov východnej Európy v dolároch, podpora priemyslu zo strany štátu. Pomoc zo strany SRN. Štatistické údaje o ekonomickej situácii vys...
Salvato in:
| Natura: | Capitolo di libro |
|---|---|
| Lingua: | ungherese |
| Soggetti: | |
| Tags: |
Nessun Tag, puoi essere il primo ad aggiungerne!!
|
MARC
| LEADER | 00000naa a2200000 4500 | ||
|---|---|---|---|
| 001 | r005038 | ||
| 005 | 20221125113654.1 | ||
| 041 | 0 | |a hun | |
| 044 | |a HU | ||
| 245 | 1 | 0 | |a Kelet-Európa, a német, márka és az Európai Pénzügyi Unio. |
| 520 | |a Ekonomická situácia východoeurópskych štátov a ich integrácia do Európskych spoločenstiev. Štatistické údaje o exporte, národnom dôchodku, investíciách. Zadlženosť štátov východnej Európy v dolároch, podpora priemyslu zo strany štátu. Pomoc zo strany SRN. Štatistické údaje o ekonomickej situácii vyspelých kapitalistických štátov sveta, ich vzťah v obchode a financiách k východnej Európe. | ||
| 610 | 2 | 0 | |a integrácia ekonomická medzinárodná |
| 610 | 2 | 0 | |a východná Európa |
| 610 | 2 | 0 | |a Európske spoločenstvá |
| 610 | 2 | 0 | |a údaje štatistické |
| 610 | 2 | 0 | |a únie menové |
| 610 | 2 | 0 | |a zadlženosť zahraničná |
| 610 | 2 | 0 | |a priemysel |
| 610 | 2 | 0 | |a pomoc hospodárska |
| 610 | 2 | 0 | |a Nemecko |